LDR 00871naa#a2200181#i#450# 001 EN\\bibl\121032 005 20260502004826.6 011 ## _a1994-5655 100 ## _a20260428b2026####ek#y0engy0150####ca 102 ## _aRU 200 1# _aThe technology of blacksmith products from the Kokpomyag burial ground _eJournal article 210 1# _aSyktyvkar _cFSBI FIC "Komi Scientific Center of the Ural Branch of the Russian Academy of Sciences" _d2026 215 ## _a11 с. 608 ## _aJournal article _2local 675 ## _aПредыстория. Доисторические остатки, орудия труда, древности. Интерпретация и синтез материальных остатков древнего человека, его культур и цивилизаций. 903 _z 700 #1 _aSmertin _gA. R. 700 #1 _aSavel'eva _gE. A. 856 4# _akomisc.editorum.ru _u